000 00571nam a2200193 a 4500
001 17768
005 20180713210937.0
008 140415s1980 mx 000 0 spa d
020 _a927531022X
041 _aspa
082 _a610.733
_bARN
100 1 _aARNDT, CLARA
245 1 0 _aADMINISTRACION DE ENFERMERIA :
_bTEORIA PARA LA PRACTICA CON UN ENFOQUE DE SISTEMAS
250 _a2A ED.
260 _aMEXICO :
_bTHE MOSBY COMPANY,
_c1980
300 _a375
650 1 4 _aENFERMERIA
_xADMINISTRACION
700 1 _aHUCKABAY, LOUCINE M. DADERIAN
_ecoaut.
999 _c17768
_d17768